[Event "IECG TE.2003.S.01302 email"]
[Site "IECG email"]
[Date "2005.01.21"]
[Round "?"]
[White "Pagano, Francesco Mario"]
[Black "Baroin, Bernard"]
[Result "1-0"]
[WhiteElo "1200"]
[BlackElo "2063"]
[PlyCount "73"]
[EventDate "2005.01.21"]
[EventType "tourn (corr)"]
[EventRounds "12"]
[SourceTitle "Corr 2008"]
[Source "ChessBase"]
[SourceDate "2008.06.24"]
[SourceVersion "1"]
[SourceVersionDate "2008.06.24"]
[SourceQuality "1"]

1. e4 c5 2. Nf3 Nc6 3. d4 cxd4 4. Nxd4 Nf6 5. Nc3 e6 6. Ndb5 Bb4 7. a3 Bxc3+ 8. Nxc3 d5 9. exd5 exd5 10. Bd3 0-0 11. 0-0 d4 12. Ne2 Bg4 13. Bg5 Qd6 14. f3 Bd7 15. c3 Rae8 16. Qd2 Nd5 17. cxd4 h6 18. Bh4 Ne3 19. Rfc1 Bf5 20. Bb5 Qg6 21. Ng3 Qd6 22. Bxc6 bxc6 23. Rc3 Bg6 24. Rxe3 Qf4 25. Rae1 Rxe3 26. Qxe3 Qxh4 27. Qe5 Rd8 28. f4 Rd5 29. Qe3 a5 30. Rc1 Qf6 31. Rc4 Kh7 32. Ne2 Rd6 33. Rc5 a4 34. Qd2 Qe6 35. g3 Be4 36. Re5 Qg6 37. Nc3 1-0

[Event "IECG TE.2003.S.01302 email"]
[Site "IECG email"]
[Date "2005.01.21"]
[Round "?"]
[White "Pagano, Francesco Mario"]
[Black "Migliorini, Roberto"]
[Result "1-0"]
[WhiteElo "1200"]
[BlackElo "2063"]
[PlyCount "77"]
[EventDate "2005.01.21"]
[EventType "tourn (corr)"]
[EventRounds "12"]
[SourceTitle "Corr 2008"]
[Source "ChessBase"]
[SourceDate "2008.06.24"]
[SourceVersion "1"]
[SourceVersionDate "2008.06.24"]
[SourceQuality "1"]

1. e4 c5 2. Nf3 Nc6 3. d4 cxd4 4. Nxd4 Nf6 5. Nc3 e6 6. Ndb5 d6 7. Bf4 e5 8. Bg5 a6 9. Na3 b5 10. Bxf6 gxf6 11. Nd5 Bg7 12. Bd3 Ne7 13. Nxe7 Qxe7 14. c4 f5 15. 0-0 0-0 16. Qf3 Qb7 17. exf5 Qxf3 18. gxf3 bxc4 19. Be4 d5 20. Bxd5 Rb8 21. Nxc4 Bxf5 22. b3 Rfd8 23. Rfd1 Bg6 24. Ne3 Kf8 25. Rac1 f5 26. Be6 f4 27. Rxd8+ Rxd8 28. Nd5 a5 29. Kg2 Re8 30. Nc7 Re7 31. Rc6 h5 32. Bd5 Bf7 33. Bxf7 Kxf7 34. Nb5 Re6 35. Rc7+ Kf6 36. Ra7 Bf8 37. Rxa5 Rc6 38. Na3 Bb4 39. Ra4 1-0

[Event "IECG TE.2003.P.01314 email"]
[Site "IECG email"]
[Date "2003.11.11"]
[Round "2"]
[White "Bernal Varela, Nelson"]
[Black "Pagano, Francesco Mario"]
[Result "0-1"]
[WhiteElo "2084"]
[BlackElo "1200"]
[PlyCount "48"]
[EventDate "2003.11.11"]
[EventType "tourn (corr)"]
[EventRounds "12"]
[SourceTitle "Corr 2024"]
[Source "ChessBase"]
[SourceDate "2023.10.19"]
[SourceVersion "1"]
[SourceVersionDate "2023.10.19"]
[SourceQuality "1"]

1. e4 c5 2. Nf3 Nc6 3. d4 cxd4 4. Nxd4 Nf6 5. Nc3 e6 6. Nxc6 bxc6 7. e5 Nd5 8. Ne4 Qc7 9. f4 Qb6 10. c4 Ne3 11. Qd3 Bb4+ 12. Bd2 0-0 13. c5 Bxc5 14. Nxc5 Nxf1 15. Na4 Qb5 16. Qxb5 cxb5 17. Rxf1 bxa4 18. Bb4 Re8 19. Rc1 Bb7 20. g3 Bd5 21. a3 f6 22. Kd2 Rec8 23. Rxc8+ Rxc8 24. Rc1 Rxc1 0-1

[Event "IECG TE.2003.P.01314 email"]
[Site "IECG email"]
[Date "2003.11.11"]
[Round "2"]
[White "Pagano, Francesco Mario"]
[Black "Rosch, Hermann V"]
[Result "1/2-1/2"]
[WhiteElo "1200"]
[BlackElo "2297"]
[PlyCount "67"]
[EventDate "2003.11.11"]
[EventType "tourn (corr)"]
[EventRounds "12"]
[SourceTitle "Corr 2024"]
[Source "ChessBase"]
[SourceDate "2023.10.19"]
[SourceVersion "1"]
[SourceVersionDate "2023.10.19"]
[SourceQuality "1"]

1. e4 c5 2. Nf3 Nc6 3. d4 cxd4 4. Nxd4 Nf6 5. Nc3 e6 6. Ndb5 d6 7. Bf4 e5 8. Bg5 a6 9. Na3 b5 10. Bxf6 gxf6 11. Nd5 Bg7 12. Bd3 Ne7 13. Nxe7 Qxe7 14. c3 f5 15. 0-0 0-0 16. Nc2 Rb8 17. exf5 e4 18. Re1 Bxf5 19. Nb4 a5 20. Nd5 Qe5 21. Bc2 Bg6 22. f4 Qe6 23. g4 f5 24. Nc7 Qc8 25. Ne6 Re8 26. gxf5 Bxf5 27. Nxg7 Qc5+ 28. Kh1 Kxg7 29. Rg1+ Kh8 30. Qh5 Rf8 31. Rg5 Rf6 32. Rag1 Qf2 33. Bb3 Be6 34. Bxe6 1/2-1/2

[Event "IECG TE.2003.P.01314 email"]
[Site "IECG email"]
[Date "2003.11.11"]
[Round "2"]
[White "Wurm, Tamas"]
[Black "Pagano, Francesco Mario"]
[Result "0-1"]
[WhiteElo "1371"]
[BlackElo "1200"]
[PlyCount "66"]
[EventDate "2003.11.11"]
[EventType "tourn (corr)"]
[EventRounds "12"]
[SourceTitle "Corr 2024"]
[Source "ChessBase"]
[SourceDate "2023.10.19"]
[SourceVersion "1"]
[SourceVersionDate "2023.10.19"]
[SourceQuality "1"]

1. e4 c5 2. Nf3 Nc6 3. d4 cxd4 4. Nxd4 Nf6 5. Nc3 e6 6. Ndb5 d6 7. Bf4 e5 8. Bg5 a6 9. Na3 b5 10. Nd5 Be7 11. Bxf6 Bxf6 12. c3 0-0 13. Bd3 Bg5 14. 0-0 Ne7 15. c4 Nxd5 16. cxd5 Bf4 17. g3 Bg5 18. Qc2 Bh3 19. Rfe1 Bg4 20. Be2 Rc8 21. Qd3 Bd7 22. Nc2 f5 23. Ne3 f4 24. Nf5 g6 25. Nxd6 fxg3 26. fxg3 Qb6+ 27. Kg2 Rf2+ 28. Kh1 Qxd6 29. Rf1 Rxf1+ 30. Rxf1 Bh3 31. Rd1 Qc5 32. a4 Qf2 33. Bf1 Rc2 0-1